|
|
|
|
| LEADER |
00790nam a2200217 a 4500 |
| 001 |
GR-MES2351 |
| 008 |
991111s nyu 000 b eng d |
| 020 |
|
|
|a 0716750422
|
| 040 |
|
|
|a GrPaTEI
|b gre
|c GR-PaULI
|
| 245 |
0 |
4 |
|a The evolving coast.
|
| 260 |
|
|
|a New York :
|b Scientific American Library,
|c c1994
|
| 300 |
|
|
|a 233σελ. :
|b φωτ.,σχεδ.,πιν.
|
| 650 |
|
4 |
|a ΘΑΛΑΣΣΑ
|
| 650 |
|
4 |
|a ΠΑΡΑΛΙΕΣ
|
| 650 |
|
4 |
|a ΠΟΤΑΜΙΑ
|
| 700 |
1 |
|
|a Davis, R.
|
| 710 |
0 |
|
|a Scientific American Library
|
| 942 |
|
|
|2 ddc
|
| 952 |
|
|
|0 0
|1 0
|2 ddc
|4 0
|6 551_457000000000000_DAV
|7 0
|9 266713
|a MSLG
|b MSLG
|c BSC
|d 2021-01-17
|e 24
|f 0
|g 0.00
|l 0
|o 551.457 DAV
|p 2420000012482
|r 2021-01-17 00:00:00
|t 1
|w 2021-01-17
|y BK15
|x 19991111 0 1
|x GrPaTEI
|
| 971 |
|
|
|a .b25733965
|b 15-04-20
|c 13-09-16
|
| 999 |
|
|
|c 153467
|d 153467
|